Women in politics: (Record no. 576)

MARC details
000 -LEADER
fixed length control field 006180000a22001930004500
008 - FIXED-LENGTH DATA ELEMENTS--GENERAL INFORMATION
fixed length control field 230817t ||||| |||| 00| 0 eng d
082 ## - DEWEY DECIMAL CLASSIFICATION NUMBER
Classification number 323.34
Item number SHA
942 ## - ADDED ENTRY ELEMENTS (KOHA)
Item Type Reports
100 ## - MAIN ENTRY--PERSONAL NAME
Personal Name Shaheed, Farida
700 ## - ADDED ENTRY--PERSONAL NAME
Personal name Zia, Asma
700 ## - ADDED ENTRY--PERSONAL NAME
Personal name Warraich, Sohail
245 ## - TITLE STATEMENT
Title Women in politics:
Sub Title participation and representation in Pakistan with update 1993-1997
260 ## - PUBLICATION, DISTRIBUTION, ETC. (IMPRINT)
Place of Publication Lahore:
Name of Publisher Shirkat Gah,
Date of Copyright 1998
300 ## - PHYSICAL DESCRIPTION
Extent 87 p.: ill.; 28 cm
440 ## - SERIES STATEMENT/ADDED ENTRY--TITLE
Title Special bulletin
Volume April 1998
650 ## - SUBJECT ADDED ENTRY--TOPICAL TERM
Topical Term WOMEN IN POLITICS-Pakistan
650 ## - SUBJECT ADDED ENTRY--TOPICAL TERM
Topical Term Women- Pakistan- Social conditions
650 ## - SUBJECT ADDED ENTRY--TOPICAL TERM
Topical Term Women- Political activities- Pakistan
Holdings
Withdrawn status Lost status Source of classification or shelving scheme Damaged status Not for loan Permanent location Current location Date acquired Total Checkouts Full call number Barcode Date last seen Price effective from Koha item type
    Dewey Decimal Classification     Resource center, Muslim Women's Research And Action Forum Resource center, Muslim Women's Research And Action Forum 2023-08-17   323.34 SHA RAF4097 2023-08-17 2023-08-17 Reports

Copyright © 2023 Muslim Women's Research and Action Forum (MWRAF), No 27/3, Anderson Road, Kalubowila, Dehiwela. Funded by The Asia Fundation